Príspevok k metodike výpočtu priemerných rýchlostí vody vo zvislici v otvorených riečnych korytách

Bibliographic Details
Main Author: Kijovský, Anton (Author)
Format: Article
Language:Slovak
PhysicalDescription:Obr., tab.
ISSN:0042-790X
Subjects:

MARC

LEADER 00000nab a2200000 a 4500
001 vtls000708077
003 SK-MaSNL
005 20260304133112.0
008 250429c1999 xo 0 slo
015 |a SNBRB1999/10-25894 
035 |a CLN000060244 
035 |a urn:nbn:sk:snk-abjbi 
035 |a (urnnbn)urn:nbn:sk:snk:ar-a04s0n 
035 |a (uuid)7356d43b-e154-4d5b-a7e5-54e6c9479925 
040 |a SNKBUCL  |b slo  |c SNKBUCL  |e AACR2 
041 0 |a slo 
044 |a xo  |c SK 
080 |a 556.536  |2 1997 
100 1 |a Kijovský, Anton  |4 aut  |9 524507 
245 1 0 |a Príspevok k metodike výpočtu priemerných rýchlostí vody vo zvislici v otvorených riečnych korytách  |c Anton Kijovský 
300 |b Obr., tab. 
504 |a Res. angl. 
504 |a Bibliogr. odkazy 
650 0 7 |a voda  |x prúdenie  |x korytá riečne  |x rýchlosti zvislicové  |2 snkbucl  |9 1449621 
650 0 7 |a prúdenie  |x korytá riečne  |2 snkbucl  |9 1449622 
655 7 |a články z novín a časopisov  |2 snkbucl  |9 267496 
773 0 |t Journal of hydrology and hydromechanics  |g Roč. 47, č. 5 (1999), s. 343-365  |x 0042-790X 
850 |a Slovenská národná knižnica 
852 |a Slovenská národná knižnica 
954 |a odborná, vedecká literatúra pôvodná (slovenská)  |2 lita 
958 |a article27 
958 |a NB 
958 |a OND 
958 |a EUIPO 
999 |c 2900245  |d 2902175